000 00499nam a2200181Ia 4500
999 _c1587
_d1587
003 OSt
005 20200928105945.0
008 190216s9999||||xx |||||||||||||| ||und||
020 _a8187498765
040 _coclc
082 _a582.13
_bPUL/T
100 _aPullaiah, T
_95054
245 0 _aTaxonomy Of Angiosperms /
_cT Pullaiah
260 _bRegency Publications,
_aNew Delhi:
_c2003.
300 _a332p
650 _aBotany
942 _cBK
_2ddc
_h582.13
_iPUL/T
_k582.13
_mPUL/T